|
|
|
|
| LEADER |
00602cam a2200193 7i4500 |
| 001 |
0000017284 |
| 005 |
20060418090000.0 |
| 022 |
0 |
0 |
|a 0127-6204
|
| 090 |
0 |
0 |
|a M 630.025
|b MAL
|
| 245 |
0 |
0 |
|a Malaysia agricultural directory & index 2006.
|
| 250 |
0 |
0 |
|a 11th ed.
|
| 260 |
0 |
0 |
|a Petaling Jaya:
|b Agriquest,
|c 2006.
|
| 300 |
# |
# |
|a 453 p.
|
| 650 |
0 |
0 |
|a Palm oil --
|z Malaysia
|
| 650 |
0 |
0 |
|a Agriculture --
|x Directories --
|z Malaysia
|
| 650 |
0 |
0 |
|a Oil palm --
|z Malaysia
|
| 650 |
0 |
0 |
|a Agriculture machinery --
|z Malaysia
|
| 651 |
0 |
0 |
|a Malaysia
|
| 999 |
|
|
|a PNG000446H
|b Directories
|c Malaysia
|e MATRADE Northern Regional Office
|